000 00644nam a2200241Ia 4500
003 OSt
005 20220918164317.0
006 a|||||r|||| 00| 0
007 ta
008 220917b |||||||| |||| 00| 0 eng d
020 _a0521427428 (pbk)
024 _a36,680
037 _cTextual
040 _aARTS
_cARTS
_beng
041 _2eng
_aeng
082 _aO121,1G65:g, 111N3
245 0 _aCambridge companion to Dante Ed by Rachel Jacoff
260 _aCambridge
_bCUP
_c1993
300 _axx, 270p.
_ccm.
650 _aENGLISH LITERATURE
942 _hO121,1G65:g, 111N3
_cTEXL
_2CC
999 _c124180
_d124180